| 000 | nam a22 a 4500 | ||
|---|---|---|---|
| 999 |
_c432247 _d432247 |
||
| 003 | BLK | ||
| 005 | 20210917143144.0 | ||
| 008 | 200316b bul|||||r ||||||| ||bul|| | ||
| 040 | _aBLK | ||
| 041 |
_aRUS _cRUS |
||
| 080 |
_aГеография на САЩ _b913(73) _z913(73) |
||
| 139 | _aАмерика | ||
| 245 | 1 | 0 |
_aАмерика _bИллюстрированный географический сб. _cСостав. А. Крубером, С. Григорьевым, А. Барковым, С. Чефрановым |
| 250 | _a3. испр и доп. изд. | ||
| 260 |
_aМосква _bтипо-лит. т-ва И. Н. Кушнерев и К° _c1909 _9435310 |
||
| 300 |
_aVI, [2], 440 с. _c24 см _bс ил. |
||
| 380 | _a91 | ||
| 650 | 0 |
_aАмерика - география _9318301 |
|
| 653 | 7 |
_9183938 _aгеография |
|
| 700 |
_aКрубер, Александр Александрович _eсостав. _91412 |
||
| 700 |
_aГригорьев, Сергей Григорьевич _eсостав. _91412 |
||
| 700 |
_aБарков, Александр Сергеевич _eсостав. _91412 |
||
| 700 |
_aЧефранов, Сергей Васильевич _eсостав. _91412 |
||
| 852 |
_aЦб 9.235.48771 _bО |
||
| 942 |
_cKNG _n0 _s1 |
||
| 944 |
_aCR _c2021-09-17 _kК.Д. |
||